• 首页
  • 本馆介绍
  • 公告通知
  • 最新文献
  • 馆藏检索
  • 电子资源
  • 读者导购
  • 参考咨询
  • 我的图书馆
  • 登录
  • 详细信息显示
  • 放入我的书架
  • 预约/预借图书
  • 作者相关作品
  • 分类相关作品
  • 丛书相关作品
  • 出版社相关作品

书目信息

  • 表格格式
  • 工作单格式
  • 卡片格式
题名:
在权力与权利之间
    
 
作者: 蔡春, 著
分册:  
出版信息: 北京   北京师范大学出版社  2010
页数: 295页
开本: 23cm
丛书名: 京师教育学术研究
单 册:
中图分类: G40-053
科图分类:
主题词: 教育政治学--jiao yu zheng zhi xue--研究
电子资源:
ISBN: 978-7-303-10665-3
000 00975nam 2200289 450
001 012001002481
005 20131029094509.0
010    @a978-7-303-10665-3@dCNY35.00
099    @aCAL 012010016741
100    @a20100109d2010 ekmy0chiy0120 ea
101 0  @achi
102    @aCN@b110000
105    @aa a 000yy
106    @ar
200 1  @a在权力与权利之间@Azai quan li yu quan li zhi jian@e教育政治学导论@f蔡春著
210    @a北京@c北京师范大学出版社@d2010
215    @a295页@c图@d23cm
225 2  @a京师教育学术研究@Ajing shi jiao yu xue shu yan jiu
320    @a有书目 (第278-289页)
330    @a本书共包括有教育的权力性格、教育的权利性格、教育的权利偏向等本个章节。
410  0 @12001@a京师教育学术研究
517 1  @a教育政治学导论@Ajiao yu zheng zhi xue dao lun
606 0  @a教育政治学@Ajiao yu zheng zhi xue@x研究
690    @aG40-053@v4
701  0 @a蔡春,@Acai chun@f1974-@4著
801  2 @aCN@b江苏凤凰@c20191020
905    @b1229206-9@dG40-053@e1026@f4
    
    在权力与权利之间:教育政治学导论/蔡春著.-北京:北京师范大学出版社,2010
    295页:图;23cm.-(京师教育学术研究)
    
    
    ISBN 978-7-303-10665-3:CNY35.00
    本书共包括有教育的权力性格、教育的权利性格、教育的权利偏向等本个章节。
●
相关链接 在E读中查询图书 在五车中查询图书 在当当中查询图书 在豆瓣中查询图书


正题名:在权力与权利之间     索取号:G40-053/1026         预约/预借

序号 登录号 条形码 馆藏地/架位号 状态 备注
1 1229206   212292062   第一样本阅览室/ [索取号:G40-053/1026] 在馆    
2 1229207   212292071   教育系资料室/ [索取号:G40-053/1026] 在馆    
3 1229208   212292080   教育系资料室/ [索取号:G40-053/1026] 在馆    
4 1229209   212292099   第四借阅区/ [索取号:G40-053/1026] 在馆    
唐山师范学院图书馆 欢迎您!
大连网信软件有限公司© 版权所有